Normal view
MARC view
Entry Nombre personal
001 - NÚMERO DE CONTROL
- campo de control: 59874
003 - IDENTIFICADOR DEL NÚMERO DE CONTROL
- campo de control: BNPHU
005 - FECHA Y HORA DE LA ÚLTIMA TRANSACCIÓN
- campo de control: 20240305124848.0
008 - DATOS DE LONGITUD FIJA
- campo de control de longitud fija: 200615|| aca||aabn | a|a d
040 ## - FUENTE DE LA CATALOGACIÓN
- Centro catalogador/agencia de origen: DO-SdBNP
- Lengua de catalogación: spa
- Centro/agencia transcriptor: BNPHU
- Normas de descripción: rda
082 #4 - SIGNATURA TOPOGRÁFICA DECIMAL DEWEY
- Número de clasificación: 708.97293
- Número de documento/Ítem: G934p
100 1# - ENCABEZAMIENTO-NOMBRE DE PERSONA
- Nombre de persona: Guerrero, Myrna,
- Fechas asociadas al nombre: 1951-
370 ## - LUGAR ASOCIADO
- Lugar de nacimiento: Santo Domingo (República Dominicana)
374 ## - OCUPACIÓN
- Ocupación: Artista visual
- Ocupación: Profesora
- Ocupación: Crítica de arte
400 1# - TRAZADO DE VÉASE--NOMBRE DE PERSONA
- Nombre de persona: G. , Myrna,
- Fechas asociadas al nombre: 1951-
670 ## - FUENTE DE DATOS ENCONTRADOS
- Cita de la fuente: Work cat.: (OSt)33933: Guerrero, Myrna, Los ámbitos de luz de Amaya Salazar /, 2002.
670 ## - FUENTE DE DATOS ENCONTRADOS
- Cita de la fuente: Guerrero, Myrna, 1951-. El palacio de bellas ares 1956-2008. Santo Domingo: Secretaría de Estado de Cultura, 2008. 299p.
